LEADER 01123nam a22002531i 4500 001 991002289619707536 005 20030625170036.0 008 030925s1979 it |||||||||||||||||ita 035 $ab12268252-39ule_inst 035 $aARCHE-031582$9ExL 040 $aBiblioteca Interfacoltà$bita$cA.t.i. Arché s.c.r.l. Pandora Sicilia s.r.l. 082 04$a457 111 2 $aConcorso nazionale poesia religiosa dialettale Cosimo Acquaviva$n<5. ;$d1979>$0453051 245 10$a5. concorso nazionale di poesia religiosa dialettale :$b1979 : trofeo Cosimo Acquaviva /$cCentro di cultura SS. Croce, Taranto 260 $aTaranto :$bEditrice SS. Croce,$c[1979] 300 $a1 v. ;$c24 cm 650 4$aPoesia religiosa dialettale 710 2 $aCentro di cultura SS. Croce 907 $a.b12268252$b02-04-14$c08-10-03 912 $a991002289619707536 945 $aLE002 Sal. Busta IV H 35/12$g1$i2002000054661$lle002$o-$pE0.00$q-$rn$so $t0$u0$v0$w0$x0$y.i12659356$z08-10-03 996 $a5. concorso nazionale di poesia religiosa dialettale$9152787 997 $aUNISALENTO 998 $ale002$b08-10-03$cm$da $e-$fita$git $h0$i1 LEADER 03491oas 2201309 c 450 001 9910146291903321 005 20251106213014.0 011 $a1308-5271 035 $a(OCoLC)321530312 035 $a(CONSER) 2010263023 035 $a(CKB)1000000000440201 035 $a(EXLCZ)991000000000440201 100 $a20080922a20079999 uy 101 0 $atur 135 $aur||||||||||| 181 $ctxt$2rdacontent 182 $cc$2rdamedia 183 $acr$2rdacarrier 200 00$aC?ocuk enfeksiyon dergisi 210 1$aFindikzade-Istanbul$cAves Yayincilik$d2007- 215 $a1 online resource 300 $aRefereed/Peer-reviewed 311 08$a1307-1068 517 1 $aJournal of pediatric infection 531 1 $aC?ocuk Enfeks. Derg 606 $aInfection in children$vPeriodicals 606 $aPediatrics$vPeriodicals 606 $aCommunicable diseases in children$vPeriodicals 606 $aBacterial Infections 606 $aMycoses 606 $aParasitic Diseases 606 $aVirus Diseases 606 $aInfection chez l'enfant$vPe?riodiques 606 $aPe?diatrie$vPe?riodiques 606 $aMaladies infectieuses chez l'enfant$vPe?riodiques 606 $aMaladies infectieuses 606 $aMaladies bacte?riennes 606 $aMycoses 606 $aMaladies parasitaires 606 $aMaladies a? virus 606 $aEnfants 606 $aNourrissons 606 $aEnfance 606 $achildren (people by age group)$2aat 606 $ainfants$2aat 606 $achildhood$2aat 606 $aCommunicable diseases in children$2fast$3(OCoLC)fst00869935 606 $aInfection in children$2fast$3(OCoLC)fst00972337 606 $aPediatrics$2fast$3(OCoLC)fst01056503 608 $aPeriodical. 608 $aPeriodicals$2fast 615 0$aInfection in children 615 0$aPediatrics 615 0$aCommunicable diseases in children 615 22$aBacterial Infections. 615 22$aMycoses. 615 22$aParasitic Diseases. 615 22$aVirus Diseases. 615 6$aInfection chez l'enfant 615 6$aPe?diatrie 615 6$aMaladies infectieuses chez l'enfant 615 6$aMaladies infectieuses. 615 6$aMaladies bacte?riennes. 615 6$aMycoses. 615 6$aMaladies parasitaires. 615 6$aMaladies a? virus. 615 6$aEnfants. 615 6$aNourrissons. 615 6$aEnfance. 615 7$achildren (people by age group) 615 7$ainfants. 615 7$achildhood. 615 7$aCommunicable diseases in children 615 7$aInfection in children 615 7$aPediatrics 712 02$aC?ocuk Enfeksiyon Hastaliklari Dernegi, 801 0$bHUA 801 1$bHUA 801 2$bNTE 801 2$bTXA 801 2$bCLU 801 2$bOCLCQ 801 2$bOCLCO 801 2$bOCLCF 801 2$bOCLCO 801 2$bEUW 801 2$bOCLCO 801 2$bOCLCQ 801 2$bOCLCO 801 2$bOCLCQ 801 2$bAPUMS 801 2$bOCLCO 801 2$bMOW 801 2$bOCLCO 801 2$bAU@ 801 2$bOCLCO 801 2$bWYU 801 2$bCUV 801 2$bOCLCO 801 2$bS2H 801 2$bOCLCQ 801 2$bIOY 801 2$bQE2 801 2$bCUD 801 2$bOCLCL 801 2$bNLM 801 2$bOCLCL 801 2$bOCLCQ 906 $aJOURNAL 912 $a9910146291903321 996 $aÇocuk enfeksiyon dergisi$92381710 997 $aUNINA